[Event "EYCC 2024 - O16"]
[Site "?"]
[Date "2024.08.22"]
[Round "1.10"]
[White "Seiger, Vidar"]
[Black "Perea Fruet, Lorenzo"]
[Result "0-1"]
[BlackElo "2373"]
[WhiteElo "2079"]
[LiveChessVersion "1.4.8"]

1. Nf3 {[%clk 1:30:56]} c5 {[%clk 1:30:38]} 2. g3 {[%clk 1:30:54]} Nc6
{[%clk 1:30:48]} 3. Bg2 {[%clk 1:29:47]} e5 {[%clk 1:31:04]} 4. c4
{[%clk 1:30:08]} g6 {[%clk 1:31:07]} 5. Nc3 {[%clk 1:30:29]} Bg7 {[%clk 1:31:07]}
6. O-O {[%clk 1:30:48]} d6 {[%clk 1:30:43]} 7. a3 {[%clk 1:30:42]} a5
{[%clk 1:29:31]} 8. d3 {[%clk 1:30:59]} Nge7 {[%clk 1:29:40]} 9. Ne1
{[%clk 1:31:18]} Be6 {[%clk 1:29:38]} 10. Nd5 {[%clk 1:29:29]} O-O
{[%clk 1:26:25]} 11. Nc2 {[%clk 1:29:49]} Rb8 {[%clk 1:25:47]} 12. b4
{[%clk 1:22:02]} b5 {[%clk 1:16:39]} 13. Nxe7+ {[%clk 1:18:44]} Nxe7
{[%clk 1:16:59]} 14. cxb5 {[%clk 1:18:30]} e4 {[%clk 1:10:51]} 15. bxc5
{[%clk 0:57:19]} Bxa1 {[%clk 1:07:11]} 16. cxd6 {[%clk 0:56:22]} Bg7
{[%clk 1:02:13]} 17. dxe7 {[%clk 0:56:41]} Qxe7 {[%clk 1:02:41]} 18. Bxe4
{[%clk 0:55:39]} Bb3 {[%clk 0:53:20]} 19. Qd2 {[%clk 0:50:58]} Rfc8
{[%clk 0:50:03]} 20. Ne1 {[%clk 0:40:56]} Rxb5 {[%clk 0:46:17]} 21. Bf3
{[%clk 0:32:43]} Rbc5 {[%clk 0:39:50]} 22. Qe3 {[%clk 0:29:19]} Qxe3
{[%clk 0:37:10]} 23. Bxe3 {[%clk 0:29:47]} Rb5 {[%clk 0:37:19]} 24. Ng2
{[%clk 0:24:40]} Bb2 {[%clk 0:35:25]} 0-1

[Event "EYCC 2024 - O16"]
[Site "?"]
[Date "2024.08.22"]
[Round "1.11"]
[White "Lavrencic, Matic"]
[Black "Papaioannou, Dimitrios"]
[Result "0-1"]
[BlackElo "2071"]
[WhiteElo "2356"]
[LiveChessVersion "1.4.8"]

1. e4 {[%clk 1:30:42]} e5 {[%clk 1:30:51]} 2. Nf3 {[%clk 1:30:44]} Nc6
{[%clk 1:30:51]} 3. Bc4 {[%clk 1:30:44]} Bc5 {[%clk 1:31:37]} 4. O-O
{[%clk 1:29:59]} Nf6 {[%clk 1:31:46]} 5. d3 {[%clk 1:29:52]} d6 6. c3
{[%clk 1:29:55]} a6 {[%clk 1:32:34]} 7. a4 {[%clk 1:29:41]} Ba7 {[%clk 1:30:23]}
8. Nbd2 {[%clk 1:29:21]} Nh5 {[%clk 1:26:05]} 9. Re1 {[%clk 1:22:50]} Qf6
{[%clk 1:24:20]} 10. Nf1 {[%clk 1:16:14]} Nf4 {[%clk 1:19:53]} 11. Ne3
{[%clk 1:10:06]} Ne7 {[%clk 1:13:52]} 12. d4 {[%clk 1:06:04]} O-O
{[%clk 1:12:35]} 13. g3 {[%clk 0:59:55]} Nh3+ {[%clk 1:07:32]} 14. Kg2
{[%clk 0:59:52]} g5 {[%clk 1:00:00]} 15. Rf1 {[%clk 0:50:31]} Ng6
{[%clk 0:47:36]} 16. Nd5 {[%clk 0:38:03]} Qd8 17. Ng1 {[%clk 0:36:50]} Nxg1
{[%clk 0:46:21]} 18. Kxg1 {[%clk 0:37:11]} c6 {[%clk 0:41:04]} 19. Ne3
{[%clk 0:37:16]} exd4 {[%clk 0:39:21]} 20. cxd4 {[%clk 0:37:20]} Qf6
{[%clk 0:38:50]} 21. Nc2 {[%clk 0:30:28]} g4 {[%clk 0:21:49]} 22. Be3
{[%clk 0:21:59]} Be6 {[%clk 0:20:39]} 23. Be2 {[%clk 0:21:13]} Bb3
{[%clk 0:20:56]} 24. Bxg4 {[%clk 0:16:10]} Rfe8 {[%clk 0:19:32]} 25. Qd3
{[%clk 0:09:37]} Bxc2 {[%clk 0:19:52]} 26. Qxc2 {[%clk 0:10:01]} Bxd4
{[%clk 0:20:12]} 27. Bxd4 {[%clk 0:10:06]} Qxd4 {[%clk 0:20:41]} 28. Bf5
{[%clk 0:10:10]} Ne7 {[%clk 0:19:21]} 29. Rad1 {[%clk 0:08:49]} Qf6
{[%clk 0:19:27]} 30. Bd7 {[%clk 0:08:45]} Red8 {[%clk 0:19:40]} 31. Bh3
{[%clk 0:09:07]} d5 {[%clk 0:19:14]} 32. Rfe1 {[%clk 0:08:31]} dxe4
{[%clk 0:19:02]} 33. Qxe4 {[%clk 0:08:13]} Ng6 {[%clk 0:17:54]} 34. b4
{[%clk 0:05:28]} Rxd1 {[%clk 0:15:10]} 35. Rxd1 {[%clk 0:05:54]} Rd8
{[%clk 0:15:04]} 36. Rxd8+ {[%clk 0:05:11]} Qxd8 {[%clk 0:15:32]} 37. Bf1
{[%clk 0:05:10]} Qe7 {[%clk 0:03:44]} 38. Qg4 {[%clk 0:04:25]} c5
{[%clk 0:00:33]} 39. Qc8+ {[%clk 0:04:08]} Qf8 {[%clk 0:00:58]} 40. Qxb7
{[%clk 0:03:37]} cxb4 {[%clk 0:01:17]} 41. Bxa6 {[%clk 0:03:41]} Qc5
{[%clk 0:01:29]} 42. Bf1 {[%clk 0:01:35]} Ne5 {[%clk 0:01:52]} 43. Qa8+
{[%clk 0:00:40]} Kg7 {[%clk 0:02:19]} 44. Qe4 {[%clk 0:00:40]} b3
{[%clk 0:02:16]} 45. Qe1 {[%clk 0:00:31]} Nf3+ {[%clk 0:02:38]} 0-1

[Event "EYCC 2024 - O16"]
[Site "?"]
[Date "2024.08.22"]
[Round "1.12"]
[White "Faryma, Matviy"]
[Black "Bodrogi, Bendeguz"]
[Result "1/2-1/2"]
[BlackElo "2353"]
[WhiteElo "2065"]
[LiveChessVersion "1.4.8"]

1. e4 {[%clk 1:30:44]} c6 {[%clk 1:30:51]} 2. Nf3 {[%clk 1:30:34]} d5
{[%clk 1:31:13]} 3. Nc3 {[%clk 1:30:53]} dxe4 {[%clk 1:31:21]} 4. Nxe4
{[%clk 1:31:16]} Nf6 {[%clk 1:31:43]} 5. Qe2 {[%clk 1:30:47]} Nxe4
{[%clk 1:31:09]} 6. Qxe4 {[%clk 1:31:07]} Be6 {[%clk 1:31:29]} 7. b3
{[%clk 1:23:21]} Nd7 {[%clk 1:31:49]} 8. Bb2 {[%clk 1:23:06]} Nf6
{[%clk 1:32:06]} 9. Qh4 {[%clk 1:14:54]} Bf5 {[%clk 1:32:11]} 10. O-O-O
{[%clk 1:04:56]} e6 {[%clk 1:32:11]} 11. Nd4 {[%clk 0:58:36]} Bg6
{[%clk 1:31:08]} 12. f4 {[%clk 0:49:55]} Bc5 {[%clk 1:24:19]} 13. f5
{[%clk 0:42:27]} exf5 {[%clk 1:23:07]} 14. Nxf5 {[%clk 0:32:05]} Bxf5
{[%clk 1:19:23]} 15. Qg5 {[%clk 0:29:01]} Bd4 {[%clk 1:16:28]} 16. Qxf5
{[%clk 0:23:19]} Bxb2+ {[%clk 1:16:03]} 17. Kxb2 {[%clk 0:23:46]} O-O
{[%clk 1:16:21]} 18. Be2 {[%clk 0:21:26]} a5 {[%clk 1:13:56]} 19. a4
{[%clk 0:19:43]} b5 {[%clk 1:06:40]} 20. axb5 {[%clk 0:18:06]} a4
{[%clk 1:06:21]} 21. Qd3 {[%clk 0:14:20]} Qb6 {[%clk 0:49:36]} 22. Qe3
{[%clk 0:11:24]} Qb8 {[%clk 0:49:09]} 23. Qg3 {[%clk 0:10:17]} Qd8
{[%clk 0:38:13]} 24. Qd3 {[%clk 0:04:56]} Qc7 {[%clk 0:36:09]} 25. Bf3
{[%clk 0:04:03]} axb3 {[%clk 0:35:09]} 26. cxb3 {[%clk 0:03:11]} Nd5
{[%clk 0:25:15]} 27. Bxd5 {[%clk 0:03:05]} cxd5 {[%clk 0:25:03]} 28. Ra1
{[%clk 0:03:17]} Qe5+ {[%clk 0:24:53]} 29. Qc3 {[%clk 0:03:46]} d4
{[%clk 0:25:06]} 30. Qd3 {[%clk 0:04:15]} Rab8 {[%clk 0:24:40]} 31. Ra5
{[%clk 0:04:24]} h5 {[%clk 0:19:17]} 32. g3 {[%clk 0:04:26]} Rfe8
{[%clk 0:16:41]} 33. Rf1 {[%clk 0:04:20]} Qe2 {[%clk 0:13:58]} 34. Rf3
{[%clk 0:03:52]} Qxh2 {[%clk 0:06:45]} 35. Ra7 {[%clk 0:01:23]} Rf8
{[%clk 0:07:09]} 36. Rf4 {[%clk 0:00:53]} Qg1 {[%clk 0:05:44]} 37. Ra1
{[%clk 0:00:53]} Qg2 {[%clk 0:05:33]} 38. Rxd4 {[%clk 0:01:06]} Rfe8
{[%clk 0:04:14]} 39. Rc1 {[%clk 0:01:02]} g6 {[%clk 0:02:30]} 40. Rd7
{[%clk 0:01:06]} Qe2 {[%clk 0:01:44]} 41. Qxe2 {[%clk 0:00:55]} Rxe2
{[%clk 0:02:12]} 42. Rc5 {[%clk 0:01:24]} Rg2 {[%clk 0:01:34]} 43. Rd3
{[%clk 0:01:43]} Kg7 {[%clk 0:01:32]} 44. Ka3 {[%clk 0:02:03]} Kh6
{[%clk 0:01:18]} 45. Kb4 {[%clk 0:02:06]} Rg1 {[%clk 0:01:47]} 46. Rf3
{[%clk 0:02:08]} f5 {[%clk 0:02:05]} 47. Rc6 {[%clk 0:02:21]} Kg5
{[%clk 0:02:23]} 48. b6 {[%clk 0:02:31]} Kg4 {[%clk 0:02:23]} 49. Rd3
{[%clk 0:02:30]} g5 {[%clk 0:02:51]} 50. Rg6 {[%clk 0:01:55]} f4 {[%clk 0:01:23]}
51. gxf4 {[%clk 0:00:48]} Kxf4 {[%clk 0:01:51]} 52. Rf6+ {[%clk 0:01:06]} Kg4
{[%clk 0:01:45]} 53. Kb5 {[%clk 0:01:21]} h4 {[%clk 0:01:52]} 54. Rh6
{[%clk 0:01:09]} Rg3 {[%clk 0:01:30]} 55. Rd4+ {[%clk 0:01:26]} Kh3
{[%clk 0:01:45]} 56. b4 {[%clk 0:01:51]} Kg2 {[%clk 0:02:11]} 57. Kc6
{[%clk 0:01:54]} h3 {[%clk 0:02:37]} 58. Kc7 {[%clk 0:02:08]} Rg8
{[%clk 0:02:16]} 59. b7 {[%clk 0:01:55]} h2 {[%clk 0:01:21]} 60. b8=Q
{[%clk 0:01:17]} Rxb8 {[%clk 0:01:41]} 61. Kxb8 {[%clk 0:01:43]} Rh3
{[%clk 0:00:34]} 62. Rxh3 {[%clk 0:00:45]} Kxh3 {[%clk 0:00:54]} 63. Rd8
{[%clk 0:01:12]} h1=Q {[%clk 0:00:56]} 64. Rh8+ {[%clk 0:01:39]} Kg2
{[%clk 0:01:18]} 65. Rxh1 {[%clk 0:02:07]} Kxh1 {[%clk 0:01:39]} 66. d4
{[%clk 0:02:31]} g4 {[%clk 0:02:04]} 67. d5 {[%clk 0:02:58]} g3 {[%clk 0:02:19]}
68. d6 {[%clk 0:03:28]} g2 {[%clk 0:02:38]} 69. d7 {[%clk 0:03:56]} g1=Q
{[%clk 0:03:00]} 70. d8=Q {[%clk 0:04:22]} Qb1 {[%clk 0:02:40]} 71. Qd5+
{[%clk 0:04:42]} Kh2 {[%clk 0:03:01]} 72. b5 {[%clk 0:05:08]} Kh3
{[%clk 0:03:19]} 73. Qe6+ {[%clk 0:05:25]} Kh4 {[%clk 0:03:43]} 74. b6
{[%clk 0:05:51]} Qd3 {[%clk 0:03:04]} 75. Qe7+ {[%clk 0:05:36]} Kh5
{[%clk 0:03:28]} 76. Ka7 {[%clk 0:03:28]} Qd4 {[%clk 0:03:46]} 77. Qe8+
{[%clk 0:02:32]} Kh4 {[%clk 0:03:25]} 78. Qc6 {[%clk 0:02:40]} Kh5
{[%clk 0:03:09]} 79. Ka6 {[%clk 0:02:17]} Qa1+ {[%clk 0:03:06]} 80. Kb5
{[%clk 0:02:34]} Qb1+ {[%clk 0:02:36]} 81. Kc5 {[%clk 0:02:49]} Qc2+
{[%clk 0:02:52]} 82. Kd6 {[%clk 0:03:13]} Qg6+ {[%clk 0:03:11]} 83. Kc7
{[%clk 0:03:37]} Qf7+ {[%clk 0:03:05]} 84. Qd7 {[%clk 0:03:57]} Qf4+
{[%clk 0:02:58]} 85. Kc8 {[%clk 0:04:10]} Qf8+ {[%clk 0:02:32]} 86. Kb7
{[%clk 0:04:20]} Qc5 {[%clk 0:02:38]} 87. Qa4 {[%clk 0:03:54]} Qd5+
{[%clk 0:01:47]} 88. Ka7 {[%clk 0:04:01]} Qc5 {[%clk 0:02:10]} 89. Ka6
{[%clk 0:03:58]} Qd6 {[%clk 0:02:35]} 90. Qb5+ {[%clk 0:04:15]} Kh4
{[%clk 0:02:26]} 91. Ka5 {[%clk 0:04:26]} Qd8 {[%clk 0:02:50]} 92. Qc4+
{[%clk 0:04:42]} Kh5 {[%clk 0:03:07]} 93. Kb5 {[%clk 0:04:49]} Qe8+
{[%clk 0:03:10]} 94. Kc5 {[%clk 0:04:44]} Qf8+ {[%clk 0:03:12]} 95. Kb5
{[%clk 0:04:41]} Qe8+ {[%clk 0:03:40]} 96. Ka5 {[%clk 0:04:53]} Qd8
{[%clk 0:03:53]} 97. Qe2+ {[%clk 0:05:08]} Kh4 {[%clk 0:03:55]} 98. Qh2+
{[%clk 0:05:16]} Kg5 {[%clk 0:03:30]} 99. Qe5+ {[%clk 0:05:27]} Kh4
{[%clk 0:03:54]} 100. Qe4+ {[%clk 0:05:32]} Kh5 {[%clk 0:04:18]} 101. Ka6
{[%clk 0:05:53]} Qd6 {[%clk 0:04:41]} 102. Ka7 {[%clk 0:06:10]} Qa3+
{[%clk 0:04:43]} 103. Kb7 {[%clk 0:06:22]} Qd6 {[%clk 0:05:05]} 104. Qh7+
{[%clk 0:06:25]} Kg5 {[%clk 0:05:12]} 105. Qc7 {[%clk 0:06:46]} Qe6
{[%clk 0:04:51]} 106. Ka7 {[%clk 0:06:27]} Qe3 {[%clk 0:05:04]} 107. Qc6
{[%clk 0:05:44]} Kh5 {[%clk 0:04:20]} 108. Qd5+ {[%clk 0:06:03]} Kh4
{[%clk 0:04:43]} 109. Qd8+ {[%clk 0:05:26]} Kh5 {[%clk 0:05:04]} 110. Ka8
{[%clk 0:05:24]} Qa3+ {[%clk 0:05:05]} 111. Kb8 {[%clk 0:05:43]} Qg3+
{[%clk 0:05:27]} 112. Qc7 {[%clk 0:05:56]} Qg8+ {[%clk 0:05:44]} 113. Kb7
{[%clk 0:06:20]} Qd5+ {[%clk 0:06:03]} 114. Qc6 {[%clk 0:06:44]} Qf7+
{[%clk 0:05:51]} 115. Kb8 {[%clk 0:06:55]} Qf8+ {[%clk 0:05:57]} 116. Qc8
{[%clk 0:07:15]} Qd6+ {[%clk 0:06:22]} 117. Kb7 {[%clk 0:07:26]} Qd5+
{[%clk 0:06:40]} 118. Qc6 {[%clk 0:07:49]} Qf7+ {[%clk 0:07:06]} 119. Ka6
{[%clk 0:07:11]} Qa2+ {[%clk 0:07:29]} 120. Kb5 {[%clk 0:07:19]} Qb2+
{[%clk 0:07:32]} 1/2-1/2

[Event "EYCC 2024 - O16"]
[Site "?"]
[Date "2024.08.22"]
[Round "1.13"]
[White "Kuhn, Clement"]
[Black "Valcu, Lavinia"]
[Result "1-0"]
[BlackElo "2056"]
[WhiteElo "2344"]
[LiveChessVersion "1.4.8"]

1. e4 {[%clk 1:30:52]} e5 {[%clk 1:30:53]} 2. Nf3 {[%clk 1:31:04]} Nc6
{[%clk 1:31:14]} 3. Bb5 {[%clk 1:31:30]} a6 {[%clk 1:31:37]} 4. Ba4
{[%clk 1:31:55]} f5 {[%clk 1:32:00]} 5. d4 {[%clk 1:30:38]} exd4 {[%clk 1:31:48]}
6. e5 {[%clk 1:30:23]} b5 {[%clk 1:31:48]} 7. Bb3 {[%clk 1:30:50]} Bb7
{[%clk 1:31:23]} 8. O-O {[%clk 1:30:06]} Na5 {[%clk 1:31:27]} 9. Bxg8
{[%clk 1:23:36]} Rxg8 {[%clk 1:31:25]} 10. Nxd4 {[%clk 1:23:32]} g6
{[%clk 1:29:06]} 11. Nf3 {[%clk 1:20:12]} Nc4 {[%clk 1:06:08]} 12. Nc3
{[%clk 1:11:55]} Nb6 {[%clk 0:52:31]} 13. Be3 {[%clk 1:08:47]} b4
{[%clk 0:40:46]} 14. Bxb6 {[%clk 1:03:36]} bxc3 {[%clk 0:41:03]} 15. Be3
{[%clk 1:03:31]} cxb2 {[%clk 0:33:26]} 16. Rb1 {[%clk 1:04:00]} Ba3
{[%clk 0:30:37]} 17. Qd3 {[%clk 0:49:00]} Bxf3 {[%clk 0:25:56]} 18. gxf3
{[%clk 0:46:42]} Be7 {[%clk 0:25:55]} 19. Rxb2 {[%clk 0:44:00]} Rf8
{[%clk 0:22:47]} 20. Bh6 {[%clk 0:36:03]} Rf7 {[%clk 0:20:03]} 21. Qd5
{[%clk 0:35:38]} c6 {[%clk 0:16:30]} 22. Qc4 {[%clk 0:33:55]} Qc7
{[%clk 0:13:51]} 23. Bf4 {[%clk 0:32:50]} Qc8 {[%clk 0:14:01]} 24. Rfb1
{[%clk 0:31:40]} Bd8 {[%clk 0:12:39]} 25. e6 {[%clk 0:22:58]} dxe6
{[%clk 0:13:01]} 26. Rb8 {[%clk 0:23:15]} Rxb8 {[%clk 0:13:26]} 27. Rxb8
{[%clk 0:23:41]} Qd7 {[%clk 0:13:34]} 28. Bg5 {[%clk 0:23:55]} Re7
{[%clk 0:11:32]} 29. Bxe7 {[%clk 0:23:35]} Kxe7 {[%clk 0:11:26]} 30. Kg2
{[%clk 0:18:39]} Kf6 {[%clk 0:05:19]} 31. Qxa6 {[%clk 0:17:41]} Qd6
{[%clk 0:04:22]} 32. Qc8 {[%clk 0:17:49]} Be7 {[%clk 0:03:45]} 33. Rb7
{[%clk 0:16:40]} Kg5 {[%clk 0:02:32]} 34. Qd7 {[%clk 0:16:49]} 1-0

[Event "EYCC 2024 - O16"]
[Site "?"]
[Date "2024.08.22"]
[Round "1.14"]
[White "Juhanak, Daniel"]
[Black "Cnejev, Vladimir-Alexandru"]
[Result "0-1"]
[BlackElo "2343"]
[WhiteElo "2047"]
[LiveChessVersion "1.4.8"]

1. c4 {[%clk 1:30:55]} e6 {[%clk 1:30:36]} 2. Nf3 {[%clk 1:31:23]} d5
{[%clk 1:30:49]} 3. e3 {[%clk 1:31:39]} Nf6 {[%clk 1:31:03]} 4. Nc3
{[%clk 1:31:53]} Be7 {[%clk 1:31:03]} 5. b3 {[%clk 1:32:02]} O-O {[%clk 1:31:02]}
6. Bb2 {[%clk 1:32:00]} dxc4 {[%clk 1:20:32]} 7. Bxc4 {[%clk 1:31:14]} a6
{[%clk 1:20:47]} 8. d4 {[%clk 1:29:48]} b5 {[%clk 1:20:12]} 9. Bd3
{[%clk 1:29:18]} Bb7 {[%clk 1:16:13]} 10. O-O {[%clk 1:27:16]} Nbd7
{[%clk 1:05:59]} 11. Rc1 {[%clk 1:19:25]} c5 {[%clk 0:59:43]} 12. Bb1
{[%clk 1:15:18]} Qa5 {[%clk 0:54:11]} 13. Qe2 {[%clk 0:52:57]} Rac8
{[%clk 0:45:24]} 14. Rfd1 {[%clk 0:44:17]} Rc7 {[%clk 0:24:57]} 15. Qd2
{[%clk 0:25:35]} b4 {[%clk 0:15:49]} 16. Ne2 {[%clk 0:24:50]} Rfc8
{[%clk 0:08:35]} 17. Ng3 {[%clk 0:21:13]} cxd4 {[%clk 0:06:58]} 18. Qxd4
{[%clk 0:18:41]} Rxc1 {[%clk 0:04:46]} 19. Rxc1 {[%clk 0:18:53]} Rxc1+
{[%clk 0:03:09]} 20. Bxc1 {[%clk 0:19:22]} e5 {[%clk 0:02:18]} 21. Qc4
{[%clk 0:12:52]} h6 {[%clk 0:02:29]} 22. Bb2 {[%clk 0:08:43]} Bf8
{[%clk 0:00:58]} 23. Nd2 {[%clk 0:06:02]} Qb6 {[%clk 0:00:35]} 24. Nde4
{[%clk 0:02:12]} Nd5 {[%clk 0:00:51]} 25. h3 {[%clk 0:01:25]} g6 {[%clk 0:00:58]}
26. Nd2 {[%clk 0:00:38]} Nxe3 {[%clk 0:00:50]} 27. fxe3 {[%clk 0:00:35]} Qxe3+
{[%clk 0:01:14]} 28. Kf1 0-1